000 00605nam a2200193Ia 4500
003 GCL
008 140319s9999 xx 000 0 eng d
040 _aGCL /
_cGCL
082 0 4 _a025.347
_bB G
100 1 _aBETZ, ELISABETH W
245 1 0 _aGRAPHIC MATERIALS: RULES FOR DESCRIBING ORIGINAL ITEMS AND HISTORICAL COLLECTIONS /
_cBETZ, ELISABETH W
260 _a[S.N] :
_bLIBRARY OF CONGRESS ،
_c1982
300 _a155 P
650 0 4 _aDESCRIPTIVE CATALOGING - RULE
650 0 4 _aCATALOGING
650 0 4 _aCATALOGING OF GRAPHIC MATERIALS
650 0 4 _aANGLO-AMERICAN CATALOGING RULE
942 _2ddc
_cBK
999 _c14736
_d14736